1004 1449 1120 1741 1694 1342 1071 1872 1847 1180 1009 1052 1417 1563 1144 1848 1894 1036 1394 1315 1799 1160 1493 1297 1362 1998 1426 1966 1400 1956 1154 1693 1099 1061 1507 1582 1033 1176 1774 1867 1952 1509 1914 1221 1002 1858 1980 1206 1280 1573 1644 1093 1897 1204 1743 1808 1935 1071 1791 1161 1471 1951 1571 1530 1424 1638 1257 1746 1000 1825 1020 1437 1949 1802 1803 1532 1984 1724 1640 1404 1356 1132 1774 1768 1828 1518 1225 1802 1464 1912 1568 1540 1927 1104 1517 1631 1552 1487 1642 BCNSPRNW ULIB Ver.6.0+V

เปลี่ยนเป็นภาษาไทย

Change to English
 แสดงรายละเอียดบรรณานุกรม
  กลับหน้าหลัก

Brief Record : Get Marc (ISO 2709) : E-mail record : QR code < ปิดหน้าต่าง
LEADER : 00000nam 2200000uu 4500
001    13399107869
003     ULIB
008    110208s2552||||th 000 0 tha d
020    9740411614(ล.1)
060  4 QZ4^bส754พ ล.1 2552
100 0  สุจินดา ริมศรีทอง
245 00 พยาธิสรีรวิทยาทางการพยาบาล เล่ม1/^cบรรณาธิการ สุจินดา ริมศรีทอง
250    พิมพ์ครั้งที่ 3
260    กรุงเทพฯ :^bบริษัทสามเจริญพาณิชย์(กรุงเทพ)จำกัด,^c2552
300    425 หน้า
650  7 พยาธิสรีรวิทยา
650  7 ดุลยภาพของร่างกายและการเจ็บป่วย
700 0  สุดาพรรณ ธัญจิรา,^eบรรณาธิการ
700 0  อรุณศรี เตชัสหงส์,^eบรรณาธิการ
945    ^p220^l0^i027140
945    ^p220^l0^i027139
945    ^p220^l0^i026133
945    ^p220^l0^i026134
995    ทศพร
999 ^a ใช้งานได้ทุกระบบ
รายการนี้ยังไม่มีแท็ก
คุณยังไม่ได้ล็อกอิน คุณสามารถมีกิจกรรมร่วมกับเว็บไซต์ได้ แต่ต้องล็อกอินก่อน ::
  ล็อกอิน

รายการสื่อสารสนเทศ

ลำดับที่ ประเภท เลขเรียก/บาร์โค้ด สถานที่ สถานะ
- ไม่พบข้อมูล -

รายการใกล้เคียง
    ผู้แต่ง [สุจินดา ริมศรีทอง]

    หัวเรื่อง [พยาธิสรีรวิทยา]

BibComment


ยังไม่เคยถูกคอมเมนท์

คอมเมนท์ทรัพยากรรายการนี้
  คอมเมนท์: พยาธิสรีรวิทยาทาง..


 Copyright 2026. Bcnsprnw @Library